000 00295nam a2200121Ia 4500
008 190216s9999||||xx |||||||||||||| ||und||
100 _aMehta G S
245 0 _aEducation Employment And Earnings
260 _bDeep&Deep Pub.Newdelhi
_c1990
300 _a156p
650 _aEconomics
942 _cBK
999 _c10108
_d10108